000
00188 a2200097 4500
001
20678
100
_a
G S I
245
_a
Popular scienc
260
_a
_b
O G S I
_c
090
_c
14976
_d
14976
942
_a
NUST-CAE
_c
M
_c
5531
999
_c
255751
_d
255751